<?xml version="1.0" encoding="UTF-8"?>
<record
    xmlns:xsi="http://www.w3.org/2001/XMLSchema-instance"
    xsi:schemaLocation="http://www.loc.gov/MARC21/slim http://www.loc.gov/standards/marcxml/schema/MARC21slim.xsd"
    xmlns="http://www.loc.gov/MARC21/slim">

  <leader>04363nam a22005773i 4500</leader>
  <controlfield tag="001">79076</controlfield>
  <controlfield tag="003">0</controlfield>
  <controlfield tag="005">20241217151523.0</controlfield>
  <controlfield tag="006">m     o  u        </controlfield>
  <controlfield tag="007">cr cn|||||||||</controlfield>
  <controlfield tag="008">220520s2021    ck ad  fob   s001 0 spa d</controlfield>
  <datafield tag="020" ind1=" " ind2=" ">
    <subfield code="a">9789587945089</subfield>
    <subfield code="q">(digital)</subfield>
  </datafield>
  <datafield tag="020" ind1=" " ind2=" ">
    <subfield code="z">9789587945065</subfield>
    <subfield code="q">r&#xFA;stica</subfield>
  </datafield>
  <datafield tag="020" ind1=" " ind2=" ">
    <subfield code="z">9587945069</subfield>
    <subfield code="q">r&#xFA;stica</subfield>
  </datafield>
  <datafield tag="020" ind1=" " ind2=" ">
    <subfield code="z">9789587945072</subfield>
    <subfield code="q">impresi&#xF3;n bajo demanda</subfield>
  </datafield>
  <datafield tag="020" ind1=" " ind2=" ">
    <subfield code="z">9587945077</subfield>
    <subfield code="q">impresi&#xF3;n bajo demanda</subfield>
  </datafield>
  <datafield tag="035" ind1=" " ind2=" ">
    <subfield code="a">(OCoLC)1319768795</subfield>
  </datafield>
  <datafield tag="040" ind1=" " ind2=" ">
    <subfield code="a">FINmELB</subfield>
    <subfield code="b">spa</subfield>
    <subfield code="e">rda</subfield>
    <subfield code="c">FINmELB</subfield>
  </datafield>
  <datafield tag="050" ind1=" " ind2="4">
    <subfield code="a">F2279</subfield>
    <subfield code="b">.F373 2021</subfield>
  </datafield>
  <datafield tag="082" ind1="0" ind2="4">
    <subfield code="a">303.6909861</subfield>
    <subfield code="2">23</subfield>
  </datafield>
  <datafield tag="245" ind1="0" ind2="4">
    <subfield code="a">Las FARC-EP en la coyuntura estrat&#xE9;gica de la paz negociada (2010-2017) :</subfield>
    <subfield code="b">un acercamiento a su lenguaje pol&#xED;tico subalterno /</subfield>
    <subfield code="c">Juan Carlos Garc&#xED;a Lozano, editor acad&#xE9;mico.</subfield>
  </datafield>
  <datafield tag="250" ind1=" " ind2=" ">
    <subfield code="a">Primera edici&#xF3;n.</subfield>
  </datafield>
  <datafield tag="264" ind1=" " ind2="1">
    <subfield code="a">Bogot&#xE1; :</subfield>
    <subfield code="b">Universidad Nacional de Colombia. Facultad de Derecho, Ciencias Pol&#xED;ticas y Sociales. Vicedecanatura de Investigaci&#xF3;n y Extensi&#xF3;n. Instituto Unidad de Investigaciones Jur&#xED;dico-Sociales Gerardo Molina (UNIJUS),</subfield>
    <subfield code="c">2021.</subfield>
  </datafield>
  <datafield tag="300" ind1=" " ind2=" ">
    <subfield code="a">1 recurso en l&#xED;nea (185 p&#xE1;ginas) :</subfield>
    <subfield code="b">ilustraciones en blanco y negro, diagramas</subfield>
  </datafield>
  <datafield tag="336" ind1=" " ind2=" ">
    <subfield code="a">texto</subfield>
    <subfield code="b">txt</subfield>
    <subfield code="2">rdacontent/spa</subfield>
  </datafield>
  <datafield tag="337" ind1=" " ind2=" ">
    <subfield code="a">computadora</subfield>
    <subfield code="b">c</subfield>
    <subfield code="2">rdamedia/spa</subfield>
  </datafield>
  <datafield tag="338" ind1=" " ind2=" ">
    <subfield code="a">recurso en l&#xED;nea</subfield>
    <subfield code="b">cr</subfield>
    <subfield code="2">rdacarrier/spa</subfield>
  </datafield>
  <datafield tag="490" ind1="1" ind2=" ">
    <subfield code="a">Colecci&#xF3;n Gerardo Molina ;</subfield>
    <subfield code="v">89</subfield>
  </datafield>
  <datafield tag="500" ind1=" " ind2=" ">
    <subfield code="a">Incluye perfil acad&#xE9;mico del editor y autores en la solapa del libro.</subfield>
  </datafield>
  <datafield tag="504" ind1=" " ind2=" ">
    <subfield code="a">Incluye referencias bibliogr&#xE1;ficas al final de cada cap&#xED;tulo e &#xED;ndice de t&#xE9;rminos.</subfield>
  </datafield>
  <datafield tag="505" ind1="0" ind2="0">
    <subfield code="t">Discurso, lenguaje y pol&#xED;tica /</subfield>
    <subfield code="r">Laura Esperanza Venegas Pirac&#xF3;n --</subfield>
    <subfield code="t">El lenguaje pol&#xED;tico subalterno en Antonio Gramsci: la constituci&#xF3;n pol&#xED;tica del sujeto /</subfield>
    <subfield code="r">Juan Carlos Garc&#xED;a Lozano --</subfield>
    <subfield code="t">El centauro contra el nuevo pr&#xED;ncipe: tres concepciones sobre democracia y su correlato con la paz /</subfield>
    <subfield code="r">Julieth Jesenia Jim&#xE9;nez Navarro --</subfield>
    <subfield code="t">Las FARC-EP y las relaciones de fuerza que configuran la coyuntura estrat&#xE9;gica 2010-2017 /</subfield>
    <subfield code="r">Jes&#xFA;s David Guti&#xE9;rrez Gonz&#xE1;lez --</subfield>
    <subfield code="t">Elementos del lenguaje pol&#xED;tico subalterno de las FARC-EP en la coyuntura 2010-2017 /</subfield>
    <subfield code="r">Miguel &#xC1;ngel Duque Garc&#xED;a --</subfield>
    <subfield code="t">El lenguaje pol&#xED;tico subalterno de las FARC-EP en un proceso de revoluci&#xF3;n pasiva (2010-2017): justicia social y enfoque de g&#xE9;nero /</subfield>
    <subfield code="r">Juan Carlos Garc&#xED;a Lozano --</subfield>
    <subfield code="t">Anexo &#x201C;la visi&#xF3;n de las FARC es bastante gramsciana&#x201D;. Entrevista a Jes&#xFA;s Santrich, integrante de las FARC-EP/FARC.</subfield>
  </datafield>
  <datafield tag="520" ind1="3" ind2=" ">
    <subfield code="a">Entre los a&#xF1;os 2010 y 2017 hubo un ascenso en la conformaci&#xF3;n pol&#xED;tica de las FARC-EP como grupo armado subalterno en el campo estrat&#xE9;gico de la democracia. Para estudiarlo, los autores de esta obra toman en consideraci&#xF3;n los aportes fundamentales de Antonio Gramsci sobre coyuntura estrat&#xE9;gica, grupo subalterno, hegemon&#xED;a, sentido com&#xFA;n y lenguaje para considerar qu&#xE9; tipo de sujeto pol&#xED;tico alternativo se estaba desplegando en la antigua insurgencia y cu&#xE1;les podr&#xED;an ser las nuevas caracter&#xED;sticas de representaci&#xF3;n y participaci&#xF3;n pol&#xED;ticas al operar el lenguaje pol&#xED;tico subalterno en el tr&#xE1;nsito hacia la paz negociada. El aporte fundamental de la presente investigaci&#xF3;n es, justamente, el acercamiento politol&#xF3;gico al lenguaje pol&#xED;tico subalterno en la antigua guerrilla de las FARC-EP.</subfield>
  </datafield>
  <datafield tag="588" ind1=" " ind2=" ">
    <subfield code="a">Descripci&#xF3;n basada en metadatos suministrados por el editor y otras fuentes.</subfield>
  </datafield>
  <datafield tag="590" ind1=" " ind2=" ">
    <subfield code="a">Recurso electr&#xF3;nico. Santa Fe, Arg.: elibro, 2022. Disponible v&#xED;a World Wide Web. El acceso puede estar limitado para las bibliotecas afiliadas a elibro.</subfield>
  </datafield>
  <datafield tag="600" ind1="1" ind2="4">
    <subfield code="a">Gramsci, Antonio,</subfield>
    <subfield code="d">1891-1924</subfield>
    <subfield code="x">Cr&#xED;tica e interpretaci&#xF3;n.</subfield>
  </datafield>
  <datafield tag="610" ind1="1" ind2="4">
    <subfield code="a">Fuerzas Armadas Revolucionarias de Colombia - Ej&#xE9;rcito del Pueblo (FARC-EP)</subfield>
    <subfield code="y">2010-2017.</subfield>
  </datafield>
  <datafield tag="650" ind1=" " ind2="0">
    <subfield code="a">Insurgency</subfield>
    <subfield code="z">Colombia.</subfield>
  </datafield>
  <datafield tag="650" ind1=" " ind2="0">
    <subfield code="a">Revolutions</subfield>
    <subfield code="z">Colombia.</subfield>
  </datafield>
  <datafield tag="650" ind1=" " ind2="4">
    <subfield code="a">Grupos subversivos</subfield>
    <subfield code="z">Colombia.</subfield>
  </datafield>
  <datafield tag="650" ind1=" " ind2="4">
    <subfield code="a">Democracia</subfield>
    <subfield code="z">Colombia.</subfield>
  </datafield>
  <datafield tag="650" ind1=" " ind2="4">
    <subfield code="a">Conflicto armado</subfield>
    <subfield code="z">Colombia.</subfield>
  </datafield>
  <datafield tag="650" ind1=" " ind2="4">
    <subfield code="a">Proceso de paz</subfield>
    <subfield code="z">Colombia</subfield>
    <subfield code="y">2010-2017.</subfield>
  </datafield>
  <datafield tag="650" ind1=" " ind2="4">
    <subfield code="a">Acuerdos de paz</subfield>
    <subfield code="z">Colombia</subfield>
    <subfield code="y">2010-2017.</subfield>
  </datafield>
  <datafield tag="650" ind1=" " ind2="4">
    <subfield code="a">An&#xE1;lisis del discurso.</subfield>
  </datafield>
  <datafield tag="655" ind1=" " ind2="4">
    <subfield code="a">Libros electr&#xF3;nicos.</subfield>
  </datafield>
  <datafield tag="700" ind1="1" ind2=" ">
    <subfield code="a">Garc&#xED;a Lozano, Juan Carlos,</subfield>
    <subfield code="d">1979-</subfield>
    <subfield code="e">editor acad&#xE9;mico,</subfield>
    <subfield code="e">autor.</subfield>
  </datafield>
  <datafield tag="797" ind1="2" ind2=" ">
    <subfield code="a">elibro, Corp.</subfield>
  </datafield>
  <datafield tag="830" ind1=" " ind2="0">
    <subfield code="a">Colecci&#xF3;n Gerardo Molina ;</subfield>
    <subfield code="v">89.</subfield>
  </datafield>
  <datafield tag="856" ind1="4" ind2="0">
    <subfield code="u">https://elibro.net/ereader/politecnicointernacional/189643</subfield>
  </datafield>
  <datafield tag="942" ind1=" " ind2=" ">
    <subfield code="c">LIBROS</subfield>
  </datafield>
  <datafield tag="999" ind1=" " ind2=" ">
    <subfield code="c">79076</subfield>
    <subfield code="d">79076</subfield>
  </datafield>
</record>
